[Event "American Continental 18th"]
[Site "Medellin"]
[Date "2024.06.02"]
[Round "11"]
[White "Bravo Padilla, Hernan David"]
[Black "Cabrales Almanza, Josue Ricardo"]
[Result "0-1"]
[WhiteElo "1597"]
[BlackElo "1831"]
[PlyCount "52"]
[EventDate "2024.05.24"]
[EventType "swiss"]
[EventRounds "11"]
[EventCountry "COL"]
[SourceTitle "CB23_2024"]
[SourceDate "2024.06.05"]
[SourceVersion "1"]
[SourceVersionDate "2024.06.05"]
[SourceQuality "1"]

1. e4 c5 2. Nf3 Nc6 3. c3 d5 4. exd5 Qxd5 5. Be2 e5 6. 0-0 e4 7. Ne1 Nf6 8. Nc2 Be6 9. Ne3 Qd7 10. d3 exd3 11. Qxd3 Qxd3 12. Bxd3 0-0-0 13. Bc2 Ne7 14. Nd2 Ned5 15. Ne4 Nxe4 16. Bxe4 Be7 17. Nxd5 Bxd5 18. Bf5+ Kc7 19. a3 g6 20. Bc2 Kc6 21. Bf4 Bf6 22. Rfe1 Rhe8 23. Rad1 Rxe1+ 24. Rxe1 b5 25. h3 a5 26. g4 g5 0-1

[Event "American Continental Rapid 18th"]
[Site "Medellin"]
[Date "2024.06.01"]
[Round "5"]
[White "Bravo Padilla, Hernan David"]
[Black "Giraldo, Marco"]
[Result "1/2-1/2"]
[WhiteElo "1597"]
[BlackElo "1855"]
[PlyCount "72"]
[EventDate "2024.06.01"]
[EventType "swiss (rapid)"]
[EventRounds "9"]
[EventCountry "COL"]
[SourceTitle "CB23_2024"]
[SourceDate "2024.06.05"]
[SourceVersion "1"]
[SourceVersionDate "2024.06.05"]
[SourceQuality "1"]

1. e4 c5 2. Nf3 d6 3. c3 Nf6 4. Bd3 g6 5. 0-0 Bg7 6. h3 Nc6 7. Bc2 0-0 8. Re1 b5 9. d4 cxd4 10. cxd4 Nb4 11. Bb3 Bb7 12. d5 a5 13. a3 Na6 14. Bg5 Nc5 15. Bc2 h6 16. Bh4 Nh5 17. Ra2 g5 18. Nxg5 hxg5 19. Qxh5 gxh4 20. e5 f5 21. exf6 Rxf6 22. Nc3 Rh6 23. Qg5 e6 24. Qd2 b4 25. axb4 axb4 26. Rxa8 Qxa8 27. Nb5 Bxd5 28. Qxb4 Qb7 29. Qa5 Bxg2 30. Qd8+ Bf8 31. Nxd6 Qc6 32. Qg5+ Bg7 33. Qd8+ Bf8 34. Qg5+ Bg7 35. Qd8+ Bf8 36. Qg5+ Bg7 1/2-1/2

[Event "American Continental Rapid 18th"]
[Site "Medellin"]
[Date "2024.06.01"]
[Round "3"]
[White "Bravo Padilla, Hernan David"]
[Black "Gomez, Alfredo"]
[Result "1-0"]
[WhiteElo "1597"]
[BlackElo "1851"]
[PlyCount "82"]
[EventDate "2024.06.01"]
[EventType "swiss (rapid)"]
[EventRounds "9"]
[EventCountry "COL"]
[SourceTitle "CB23_2024"]
[SourceDate "2024.06.05"]
[SourceVersion "1"]
[SourceVersionDate "2024.06.05"]
[SourceQuality "1"]

1. e4 e5 2. Nf3 Nc6 3. Bc4 h6 4. 0-0 Nf6 5. Re1 Bc5 6. c3 0-0 7. d4 exd4 8. cxd4 Bb6 9. e5 Ne8 10. Nc3 Na5 11. Bd3 d5 12. a4 Bg4 13. Be3 Nc4 14. Bxc4 dxc4 15. a5 Bxf3 16. gxf3 Bxd4 17. Qxd4 Qxd4 18. Bxd4 Rd8 19. Bc5 Nd6 20. exd6 cxd6 21. Bxa7 d5 22. Bc5 Rfe8 23. Rxe8+ Rxe8 24. Nxd5 Re5 25. Rd1 Kh7 26. Be3 Rf5 27. Kg2 g5 28. Nc3 Rxa5 29. Rd7 Kg6 30. Rxb7 f5 31. f4 g4 32. h3 h5 33. h4 Ra8 34. Rb6+ Kf7 35. Nd5 Ra2 36. Bd4 Ra1 37. Rf6+ Ke8 38. Rxf5 Rd1 39. Nf6+ Kf7 40. Bc3 Rd3 41. Rxh5 Rf3 1-0

[Event "American Continental Rapid 18th"]
[Site "Medellin"]
[Date "2024.06.01"]
[Round "9"]
[White "Bravo Padilla, Hernan David"]
[Black "Paladines Pinzon, Samuel"]
[Result "0-1"]
[WhiteElo "1597"]
[BlackElo "1821"]
[PlyCount "30"]
[EventDate "2024.06.01"]
[EventType "swiss (rapid)"]
[EventRounds "9"]
[EventCountry "COL"]
[SourceTitle "CB23_2024"]
[SourceDate "2024.06.05"]
[SourceVersion "1"]
[SourceVersionDate "2024.06.05"]
[SourceQuality "1"]

1. e4 c5 2. Nf3 e6 3. c3 d5 4. exd5 Qxd5 5. d4 Nf6 6. Bd3 Nc6 7. 0-0 Be7 8. dxc5 Bxc5 9. Qc2 h6 10. h3 0-0 11. Bf4 e5 12. c4 Qd6 13. Bh2 Nb4 14. Bxe5 Qxd3 15. Qa4 Bd7 0-1

[Event "American Continental Rapid 18th"]
[Site "Medellin"]
[Date "2024.06.01"]
[Round "8"]
[White "Reinhard Pinto, Dietmar"]
[Black "Bravo Padilla, Hernan David"]
[Result "0-1"]
[WhiteElo "1746"]
[BlackElo "1597"]
[PlyCount "72"]
[EventDate "2024.06.01"]
[EventType "swiss (rapid)"]
[EventRounds "9"]
[EventCountry "COL"]
[SourceTitle "CB23_2024"]
[SourceDate "2024.06.05"]
[SourceVersion "1"]
[SourceVersionDate "2024.06.05"]
[SourceQuality "1"]

1. e4 c5 2. Nc3 e6 3. f4 Nc6 4. Nf3 d5 5. Bb5 d4 6. Bxc6+ bxc6 7. Ne2 Nf6 8. d3 Be7 9. 0-0 0-0 10. Qe1 Rb8 11. b3 Qb6 12. Rb1 a5 13. a4 Ba6 14. Bd2 Bd8 15. h3 Re8 16. Kh2 Qb7 17. g4 Bc7 18. Qh4 Nxe4 19. Be1 Nc3 20. Bxc3 dxc3 21. Ng5 h6 22. Ne4 Bd8 23. Qg3 Qe7 24. h4 f5 25. N4xc3 Qxh4+ 26. Qxh4 Bxh4 27. Kh3 Bf6 28. Nd1 fxg4+ 29. Kxg4 e5 30. f5 e4 31. Nf4 Bg5 32. Ne6 exd3 33. c4 Bxc4 34. Nf2 Rxe6 35. fxe6 Bxe6+ 36. Kh5 Kh7 0-1

[Event "American Continental 18th"]
[Site "Medellin"]
[Date "2024.05.29"]
[Round "8"]
[White "Bravo Padilla, Hernan David"]
[Black "Agudelo Zapata, Yarli Alejandra"]
[Result "1-0"]
[WhiteElo "1597"]
[BlackElo "1817"]
[PlyCount "49"]
[EventDate "2024.05.24"]
[EventType "swiss"]
[EventRounds "11"]
[EventCountry "COL"]
[SourceTitle "CB23_2024"]
[SourceDate "2024.06.05"]
[SourceVersion "1"]
[SourceVersionDate "2024.06.05"]
[SourceQuality "1"]

1. e4 c6 2. d4 d5 3. Nd2 e6 4. Ngf3 Nd7 5. Bd3 dxe4 6. Nxe4 Ngf6 7. 0-0 Be7 8. Re1 0-0 9. c3 Nxe4 10. Rxe4 Nf6 11. Re1 h6 12. Ne5 c5 13. Bc2 cxd4 14. cxd4 Qb6 15. Qd3 Rd8 16. Ng4 Qxd4 17. Nxf6+ Bxf6 18. Qh7+ Kf8 19. Be3 Qb4 20. a3 Qb5 21. Rad1 Bd7 22. Ba4 Qh5 23. Bxd7 b5 24. b4 Ke7 25. Qg6 1-0

[Event "American Continental Blitz 18th"]
[Site "Medellin"]
[Date "2024.05.29"]
[Round "9"]
[White "Bravo Padilla, Hernan David"]
[Black "Garcia Diaz, Juan Manuel"]
[Result "1-0"]
[WhiteElo "1597"]
[BlackElo "1927"]
[PlyCount "67"]
[EventDate "2024.05.29"]
[EventType "swiss (blitz)"]
[EventRounds "9"]
[EventCountry "COL"]
[SourceTitle "CB23_2024"]
[SourceDate "2024.06.05"]
[SourceVersion "1"]
[SourceVersionDate "2024.06.05"]
[SourceQuality "1"]

1. e4 e5 2. Nf3 Nc6 3. Bc4 Bc5 4. c3 Nf6 5. d4 exd4 6. cxd4 Bb4+ 7. Bd2 Nxe4 8. Bxb4 Nxb4 9. Bxf7+ Kxf7 10. Qb3+ Kf8 11. Qxb4+ Qe7 12. Qxe7+ Kxe7 13. Nbd2 Nxd2 14. Kxd2 d6 15. Rhe1+ Kf6 16. h3 Bd7 17. Re3 Rhe8 18. Rae1 Rxe3 19. Rxe3 Re8 20. Rxe8 Bxe8 21. Ke3 Bc6 22. g3 a5 23. a3 b5 24. Nd2 Bd5 25. Ne4+ Kf5 26. g4+ Kg6 27. f4 h5 28. f5+ Kh6 29. g5+ Kh7 30. h4 Kg8 31. Ng3 g6 32. fxg6 Kg7 33. Nxh5+ Kg8 34. Nf6+ 1-0

[Event "Cerete op 32nd"]
[Site "Cerete"]
[Date "2024.03.22"]
[Round "3"]
[White "Lopez Ramirez, David Santiago"]
[Black "Bravo Padilla, Hernan David"]
[Result "1-0"]
[WhiteElo "2226"]
[BlackElo "1583"]
[PlyCount "65"]
[EventDate "2024.03.21"]
[EventType "swiss"]
[EventRounds "8"]
[EventCountry "COL"]
[SourceTitle "CB15_2024"]
[SourceDate "2024.04.10"]
[SourceVersion "1"]
[SourceVersionDate "2024.04.10"]
[SourceQuality "1"]

1. Nf3 c5 2. c4 Nc6 3. Nc3 Nf6 4. d4 cxd4 5. Nxd4 d6 6. e3 e6 7. Be2 Be7 8. 0-0 0-0 9. b3 e5 10. Nf3 Qc7 11. Qd2 Bf5 12. Bb2 Rad8 13. Nd5 Nxd5 14. cxd5 Nb8 15. Rfc1 Qb6 16. Bc3 Qc7 17. Bxe5 Qd7 18. Bd4 b6 19. Qb2 f6 20. Nd2 Rc8 21. e4 Bg6 22. h3 Qb7 23. Bg4 Nd7 24. Be6+ Kh8 25. f3 Rxc1+ 26. Rxc1 Nc5 27. Qc3 a5 28. a3 Bd8 29. Nc4 Bc7 30. Ne3 Be8 31. b4 axb4 32. axb4 Na6 33. Nf5 1-0

[Event "Medellin Flores op 30th"]
[Site "Medellin"]
[Date "2023.08.05"]
[Round "4"]
[White "Bravo Padilla, Hernan David"]
[Black "Labrador Avendano, Angie Jhoana"]
[Result "1-0"]
[WhiteElo "1139"]
[BlackElo "1616"]
[PlyCount "61"]
[EventDate "2023.08.03"]
[EventType "swiss"]
[EventRounds "9"]
[EventCountry "COL"]
[SourceTitle "EXT 2024"]
[Source "ChessBase"]
[SourceDate "2023.10.10"]
[SourceVersion "1"]
[SourceVersionDate "2023.10.10"]
[SourceQuality "1"]

1. d4 d5 2. c4 c6 3. cxd5 cxd5 4. Nc3 Nf6 5. Nf3 Nc6 6. Bf4 e6 7. a3 Be7 8. e3 0-0 9. Bd3 a6 10. Qc2 h6 11. 0-0-0 Bd7 12. Rdg1 b5 13. g4 b4 14. g5 hxg5 15. Rxg5 bxc3 16. Rhg1 cxb2+ 17. Kd2 Ne4+ 18. Bxe4 Bxg5 19. Bh7+ Kh8 20. Rxg5 Qa5+ 21. Ke2 f5 22. Rh5 Qb5+ 23. Kd2 Be8 24. Rh3 g6 25. Qxc6 b1N+ 26. Ke1 Qa5+ 27. Kf1 Kg7 28. Be5+ Rf6 29. Qxe6 Bb5+ 30. Kg2 Qd8 31. Bg8 1-0

[Event "Medellin Easter op 11th"]
[Site "Medellin"]
[Date "2023.04.09"]
[Round "7"]
[White "Bravo Padilla, Hernan David"]
[Black "Atehortua Agudelo, Emanuel"]
[Result "1-0"]
[WhiteElo "1504"]
[BlackElo "1600"]
[PlyCount "83"]
[EventDate "2023.04.05"]
[EventType "swiss"]
[EventRounds "7"]
[EventCountry "COL"]
[SourceTitle "CBM 213 Extra"]
[Source "ChessBase"]
[SourceDate "2023.05.31"]
[SourceVersion "1"]
[SourceVersionDate "2023.05.31"]
[SourceQuality "1"]

1. d4 Nf6 2. Bf4 g6 3. e3 Bg7 4. Nd2 0-0 5. Bd3 d5 6. Ngf3 Nc6 7. c3 Re8 8. Qc2 e6 9. 0-0-0 Ng4 10. a3 e5 11. dxe5 Ngxe5 12. Bxe5 Nxe5 13. Nxe5 Bxe5 14. f4 Bg4 15. Rdg1 Bg7 16. h3 Bd7 17. g4 f6 18. e4 Bc6 19. exd5 Bxd5 20. Rh2 Bf8 21. f5 g5 22. Ne4 Qe7 23. Re2 Bxe4 24. Rxe4 Qd6 25. Bc4+ Kg7 26. Be6 Qb6 27. Rd1 Rad8 28. Red4 Be7 29. Qd3 Rxd4 30. cxd4 Bd6 31. Qc3 h6 32. a4 Qb4 33. Qxb4 Bxb4 34. Kc2 Be7 35. Kb3 b5 36. Rc1 Bd6 37. Rc6 Rb8 38. axb5 Rxb5+ 39. Kc3 Kf8 40. b3 Rb4 41. Rxd6 cxd6 42. Kxb4 1-0